000 00497nam a2200133Ia 4500
008 171212s9999 xx 000 0 und d
020 _a9780833030429
100 _aLesser, Ian O.;Larrabee, F. Stephen;Zanini, Michele;Vlachos, Katia
245 _cLesser, Ian O.;Larrabee, F. Stephen;Zanini, Michele;Vlachos, Katia
_aGreece's New Geopolitics
260 _bRAND Corporation
_c2001
650 _aGeopolitics -- Greece
650 _aPolitical Science
856 _uwww.jstor.org/stable/10.7249/mr1393kf
999 _c352125
_d352125